Estrategias para el aprendizaje participativo

Kaydedildi:
Detaylı Bibliyografya
Yazar: Alvarez Ramírez, Sylvia (Yazar)
Materyal Türü: Kitap
Dil:İspanyolca
Baskı/Yayın Bilgisi: Santiago CPEIP 1994
Edisyon:4a. ed
Konular:
Etiketler: Etiketle
Etiket eklenmemiş, İlk siz ekleyin!

MARC

LEADER 00000nam a2200000 a 4500
001 UCQ1480
003 CL-VaPUC
008 980710e19940000CL |||||||||||||||||spa|d
082 0 4 |a 370.71  |b ALV  |2 21 
100 0 |a Alvarez Ramírez, Sylvia  |e author  |9 415229 
245 1 0 |a Estrategias para el aprendizaje participativo 
250 |a 4a. ed 
300 |a 155 p 
942 |c BK 
945 |d 19980710 00:00:00  |a mvenant 
260 |a Santiago  |b CPEIP  |c 1994 
650 0 |a Aprendizaje   |9 254827 
650 0 |a Métodos de enseñanza  |9 270413 
650 0 |a Formación profesional de profesores  |9 307493 
583 |a last modification  |c 20150714 02:04:25  |k Rodrigo Vera 
999 |c 272426  |d 272424 
952 |0 0  |1 0  |4 0  |6 370_710000000000000_ALV_1994  |7 0  |8 A  |9 307414  |a BIBEDU  |b BIBEDU  |c ES_NOD  |d 2019-11-20  |i 344130K  |o 370.71 ALV 1994  |p 344130K  |r 2023-08-09  |w 2019-11-20  |y BK  |k EPE 
952 |0 0  |1 0  |4 0  |6 370_710000000000000_ALV_1994  |7 0  |8 A  |9 307415  |a BIBEDU  |b BIBEDU  |c ES_NOD  |d 2019-11-20  |i 3441350  |o 370.71 ALV 1994  |p 3441350  |r 2023-08-09  |w 2019-11-20  |y BK  |k EPE 
952 |0 0  |1 0  |4 0  |6 370_710000000000000_ALV_1994  |7 0  |8 A  |9 307416  |a BIBMAT  |b BIBMAT  |c E_DIDACT  |d 2019-11-20  |i 3533425  |o 370.71 ALV 1994  |p 3533425  |r 2025-01-07  |w 2019-11-20  |y BK  |k MAT 
952 |0 0  |1 0  |4 0  |6 370_710000000000000_ALV_1994  |7 0  |8 A  |9 307417  |a BIBEDU  |b BIBEDU  |c ES_NOD  |d 2019-11-20  |i 4676661  |o 370.71 ALV 1994  |p 4676661  |r 2023-08-09  |w 2019-11-20  |y BK  |k EBA